000 00606nam a2200205Ii 4500
003 JO-AjNU
008 230605s9999||||xx |||||||||||||| ||und||
040 _aJO-AjNU
_bara
_erda
_cJO-AjNU
041 _aara
050 1 4 _aBP62.AI.Z59 2003
100 3 _aالزيادي،محمد فتح الله,
_eauthor
_917077
245 0 0 _aانتشار الإسلام
250 _aط2
264 3 1 _aدمشق:دار قتيبة ،2003
300 _a201ص
336 _atext
_btxt
_2rdacontent
337 _aunmediated
_bn
_2rdamedia
338 _avolume
_bnc
_2rdacarrier
650 4 _aانتشار الاسلام
_917078
999 _aA5199
_c8767
_d8767